[Event "FIDE Women's Grand Swiss"]
[Site "Samarkand UZB"]
[Date "2025.09.12"]
[Round "8.8"]
[White "Fataliyeva, Ulviyya"]
[Black "Lu, Miaoyi"]
[Result "1/2-1/2"]
[WhiteTitle "IM"]
[BlackTitle "IM"]
[WhiteElo "2385"]
[BlackElo "2449"]
[WhiteFideId "13403052"]
[BlackFideId "8618020"]
[EventDate "2025.09.04"]

1. e4 e5 2. Nf3 Nc6 3. Bc4 Nf6 4. d4 exd4 5. e5 d5 6. Bb5 Ne4 7. Nxd4 Bc5 8. Be3
O-O 9. Nxc6 bxc6 10. Bxc5 Nxc5 11. Bxc6 Rb8 12. Qxd5 Qe7 13. O-O Rxb2 14. Nc3
Rxc2 15. Qd4 Ne6 16. Qd3 Rb2 17. Qe3 Qc5 18. Qxc5 Nxc5 19. Nd5 Ba6 20. Rfd1 Bd3
21. f4 h5 22. f5 Kh8 23. Rac1 Be2 24. Re1 Nd3 25. e6 fxe6 26. fxe6 Nxc1 27. e7
Rg8 28. Rxc1 Bb5 29. Nf4 Bxc6 30. Ng6+ Kh7 31. Nf8+ Kh8 32. Rxc6 Rb8 33. Rxc7 a5
34. Rc5 g5 35. Rxa5 Re8 36. Re5 Rg7 37. h4 gxh4 38. Rxh5+ Kg8 39. Ne6 Rgxe7 40.
Nf4 Rh7 41. Ra5 Rg7 42. Kh2 Re4 43. Rf5 Ra7 44. Nh5 Kh7 45. Rf4 Rxf4 46. Nxf4
Kh6 47. Kh3 Ra4 48. Kg4 Rb4 49. Kf5 Rd4 50. Kg4 Ra4 51. a3 Rc4 52. Kf5 Rd4 53.
Kg4 Ra4 54. Kf5 Rxa3 55. Kg4 Ra4 56. Kf5 Ra2 57. Kg4 Rf2 58. g3 hxg3 59. Kxg3
Ra2 60. Kg4 Ra5 61. Ne6 Kg6 62. Kf4 Kf6 63. Nd4 Rd5 64. Ke4 Rh5 65. Nf3 Ke6 66.
Nd4+ Kd6 67. Nf5+ Kc5 68. Ne3 Rh8 69. Kd3 Rd8+ 70. Ke4 Ra8 71. Kd3 Re8 72. Nf5
Kd5 73. Ne3+ Ke5 74. Nc4+ Kf4 75. Kd4 Rd8+ 76. Kc5 Kf5 77. Nd6+ Ke6 78. Nb5 Ke5
79. Na7 Rd1 80. Nc6+ Ke4 81. Ne7 Rd8 82. Nc6 Rd7 83. Nb8 Rd5+ 84. Kc4 Rd1 85.
Kc5 Rb1 86. Nc6 Rc1+ 87. Kd6 Rd1+ 88. Kc5 Rd5+ 89. Kc4 Rh5 90. Nb4 Rh1 91. Kc5
Rc1+ 92. Kd6 Rb1 93. Kc5 Rc1+ 94. Kd6 Rc4 95. Nc6 Rc3 96. Nb4 Rb3 97. Kc5 Rxb4
98. Kxb4 Ke5 1/2-1/2

[Event "FIDE Women's Grand Swiss"]
[Site "Samarkand UZB"]
[Date "2025.09.12"]
[Round "8.9"]
[White "Khamdamova, Afruza"]
[Black "Danielian, Elina"]
[Result "1/2-1/2"]
[WhiteTitle "WIM"]
[BlackTitle "GM"]
[WhiteElo "2409"]
[BlackElo "2405"]
[WhiteFideId "14210444"]
[BlackFideId "13300210"]
[EventDate "2025.09.04"]

1. e4 e6 2. d4 d5 3. Nd2 Nf6 4. e5 Nfd7 5. Bd3 c5 6. c3 Nc6 7. Ne2 cxd4 8. cxd4
f6 9. exf6 Nxf6 10. O-O Bd6 11. Nf3 O-O 12. Bg5 Qb6 13. Qb1 h6 14. Bh4 e5 15.
dxe5 Nxe5 16. Nxe5 Bxe5 17. Nc3 Be6 18. Qe1 Bf4 19. Bg3 Bxg3 20. hxg3 d4 21. Nb5
Bf7 22. Qe5 Rad8 23. a4 Rd5 24. Qe2 a6 25. Na3 Re8 26. Nc4 Qc7 27. Qd2 Rc5 28.
b3 b5 29. axb5 axb5 30. Na3 Rb8 31. b4 Re5 32. Qf4 Qe7 33. Rae1 Nd7 34. Nc2 Rd8
35. Bxb5 Bg6 36. Rxe5 Nxe5 37. Nxd4 Qxb4 38. Ne6 Qxf4 39. gxf4 Rb8 40. fxe5 Rxb5
41. Re1 Bf7 42. Nd4 Rd5 43. Nf5 Kf8 44. f4 Rd2 45. Kh2 Bd5 46. Ne3 Bc6 47. Kh3
g6 48. g4 Rf2 49. f5 Rf3+ 50. Kh2 gxf5 51. Nxf5 h5 52. e6 hxg4 53. e7+ Kf7 54.
Nd4 Rh3+ 55. Kg1 Rh1+ 56. Kf2 g3+ 57. Kxg3 Rxe1 58. Nxc6 Rc1 59. Ne5+ Kxe7 60.
Kf4 Ke6 61. Nf3 Ra1 62. Ng5+ Kd5 63. Nf3 Ra4+ 64. Ke3 Rb4 65. Nd2 Rb8 66. Nf3
Rb3+ 67. Kf4 Ra3 68. Ng5 Ra4+ 69. Ke3 Rg4 70. Nf3 Re4+ 71. Kd3 Re8 72. Nd2 Ra8
73. Ke3 Ra3+ 74. Kf4 Kd4 75. Nf3+ Kd3 76. Ne5+ Ke2 77. Ke4 Ra4+ 78. Kd5 Kd2 79.
Nc6 Ra8 80. Kd4 Rh8 81. Ne5 Rh4+ 82. Kd5 Kc3 83. Kc5 Rh5 84. Kd5 Kd2 85. Kd4
Rh4+ 86. Kd5 Ke3 87. Nc4+ Kf4 88. Kd4 Kf5+ 89. Kd3 Ke6 90. Ne3 Ke5 91. Nc4+ Kd5
92. Ne3+ Kc5 93. Kc3 Rd4 94. Nc2 Ra4 95. Kd3 Kd6 96. Ne3 Ke6 97. Nc4 Ra8 98. Ke4
Rh8 99. Ne3 Rg8 100. Kf4 Ra8 101. Ke4 Ra4+ 1/2-1/2

[Event "FIDE Women's Grand Swiss"]
[Site "Samarkand UZB"]
[Date "2025.09.12"]
[Round "8.10"]
[White "Bulmaga, Irina"]
[Black "Krush, Irina"]
[Result "0-1"]
[WhiteTitle "IM"]
[BlackTitle "GM"]
[WhiteElo "2400"]
[BlackElo "2366"]
[WhiteFideId "13903063"]
[BlackFideId "2012782"]
[EventDate "2025.09.04"]

1. e4 d6 2. d4 Nf6 3. Nc3 e5 4. Nf3 Nbd7 5. g4 Nxg4 6. Rg1 Ngf6 7. Be3 c6 8. Bc4
b5 9. dxe5 dxe5 10. Bb3 h6 11. Qe2 Qa5 12. Nd2 Ba6 13. O-O-O b4 14. Bxf7+ Kxf7
15. Nc4 Qc7 16. Na4 Bb5 17. b3 Re8 18. Nab2 Re6 19. Qf3 g6 20. Qh3 Rg8 21. Bxh6
Bxh6+ 22. Qxh6 Nb6 23. Nd2 Be2 24. Rde1 Bh5 25. Nd3 c5 26. f4 c4 27. bxc4 Nxc4
28. Nxc4 Qxc4 29. Nxe5+ Rxe5 30. fxe5 Rc8 31. Rg2 Qc3 32. Reg1 Qa1+ 33. Kd2 Rd8+
34. Ke3 Qd4+ 35. Kf4 Qxe4+ 36. Kg3 Qg4+ 37. Kf2 Qf3+ 0-1

[Event "FIDE Women's Grand Swiss"]
[Site "Samarkand UZB"]
[Date "2025.09.12"]
[Round "8.11"]
[White "Vantika, Agrawal"]
[Black "Shuvalova, Polina"]
[Result "0-1"]
[WhiteTitle "IM"]
[BlackTitle "IM"]
[WhiteElo "2381"]
[BlackElo "2492"]
[WhiteFideId "25050389"]
[BlackFideId "24171760"]
[EventDate "2025.09.04"]

1. d4 d5 2. c4 c6 3. Nf3 Nf6 4. e3 Bf5 5. Nc3 e6 6. Nh4 Be4 7. f3 Bg6 8. Qb3 Qc7
9. Bd2 Be7 10. Nxg6 hxg6 11. O-O-O dxc4 12. Qxc4 a6 13. Kb1 b5 14. Qe2 Nbd7 15.
g4 c5 16. g5 cxd4 17. exd4 b4 18. Ne4 Nd5 19. Rc1 Qa7 20. Qd3 a5 21. h4 a4 22.
f4 a3 23. b3 Qb7 24. Be2 Rc8 25. Qb5 Rxc1+ 26. Rxc1 Qxb5 27. Rc8+ Bd8 28. Bxb5
Ke7 29. Be1 Rf8 30. Kc2 N7b6 31. Rc6 Nd7 32. Nd6 Bc7 33. Rxc7 Nxc7 34. Bxb4 Rb8
35. Bxa3 Nxb5 36. Nxb5+ Kd8 37. Nd6 f6 38. Bc5 Kc7 39. gxf6 gxf6 40. Ne4 Nxc5
41. dxc5 Rb4 42. Kd3 Kc6 43. a3 Rxb3+ 44. Kd4 e5+ 45. fxe5 f5 46. Nf6 Rb1 47.
Ke3 Kxc5 48. Kf4 Rf1+ 49. Kg5 Rg1+ 50. Kf4 Kd4 51. e6 Re1 52. h5 Rxe6 53. Kg5
gxh5 54. Nxh5 Ke5 55. Ng7 Rf6 56. Nh5 Rf8 57. a4 Rg8+ 58. Kh4 Rg4+ 59. Kh3 Rxa4
60. Kg3 Ra3+ 61. Kf2 f4 62. Kg2 Ra7 63. Kf3 Rh7 64. Kg4 Rxh5 0-1

[Event "FIDE Women's Grand Swiss"]
[Site "Samarkand UZB"]
[Date "2025.09.12"]
[Round "8.12"]
[White "Garifullina, Leya"]
[Black "Kamalidenova, Meruert"]
[Result "1/2-1/2"]
[WhiteTitle "IM"]
[BlackTitle "IM"]
[WhiteElo "2477"]
[BlackElo "2349"]
[WhiteFideId "34127035"]
[BlackFideId "13712802"]
[EventDate "2025.09.04"]

1. e4 c5 2. Nf3 d6 3. d4 cxd4 4. Nxd4 Nf6 5. Nc3 a6 6. f4 e5 7. Nb3 Nc6 8. f5
Be7 9. Bd3 O-O 10. Nd5 b5 11. O-O Bb7 12. Qf3 Re8 13. c3 Nxd5 14. exd5 e4 15.
Bxe4 Ne5 16. Qf4 h6 17. Nd4 Bg5 18. Qg3 Bh4 19. Qh3 Nc4 20. Qg4 Ne5 21. Qh5 Nd7
22. Bf3 Bf6 23. Nc6 Qb6+ 24. Kh1 Nc5 25. Bf4 Nd3 26. Bg3 Qc5 27. Rab1 a5 28. Bh4
Nf4 29. Qg4 Bxh4 30. Qxf4 Bf6 31. b4 Qxc3 32. Qxd6 axb4 33. Rfc1 Qd3 34. Qxb4
Rxa2 35. Qxb5 Ba6 36. Qc5 Qxf5 37. d6 Qxc5 38. Rxc5 Rd2 39. Rd5 Rxd5 40. Bxd5
Bc8 41. h3 Bd7 42. Kg1 Bxc6 43. Bxc6 Re6 44. Rd1 Kf8 45. Kf2 Bd8 46. Kf3 Bb6 47.
Rd3 g6 48. Ba4 Kg7 49. g4 Kf6 50. h4 Ke5 51. d7 Bd8 52. h5 gxh5 53. gxh5 Ra6 54.
Bb3 Rd6 55. Re3+ Kf6 56. Ba4 Rd4 57. Re8 1/2-1/2

[Event "FIDE Women's Grand Swiss"]
[Site "Samarkand UZB"]
[Date "2025.09.12"]
[Round "8.13"]
[White "Salimova, Nurgyul"]
[Black "Injac, Teodora"]
[Result "0-1"]
[WhiteTitle "IM"]
[BlackTitle "IM"]
[WhiteElo "2386"]
[BlackElo "2454"]
[WhiteFideId "2915138"]
[BlackFideId "932400"]
[EventDate "2025.09.04"]

1. d4 Nf6 2. c4 e6 3. Nf3 Bb4+ 4. Nbd2 O-O 5. a3 Be7 6. e4 d6 7. Be2 Nfd7 8. b4
e5 9. dxe5 Nxe5 10. O-O a5 11. Rb1 axb4 12. axb4 Bf6 13. Ne1 Nec6 14. Nc2 Nd4
15. Nxd4 Bxd4 16. Nf3 Bf6 17. c5 dxc5 18. Qc2 Nc6 19. Qxc5 Nd4 20. Nxd4 Bxd4 21.
Qc2 Be6 22. Bc4 Qf6 23. Bxe6 Qxe6 24. Bf4 Ra2 25. Qb3 Re8 26. Qxe6 Rxe6 27. Rbc1
Rxe4 28. Rxc7 h5 29. Be3 Bxe3 30. fxe3 Rxb4 31. Rc8+ Kh7 32. Rc5 Kg6 33. Kh1
Rbb2 34. Rg1 b5 35. h3 f5 36. Kh2 h4 37. Rc6+ Kf7 38. Rc5 g6 39. Kh1 Ra3 40. e4
fxe4 41. Rf1+ Ke6 42. Rf4 Kd6 43. Rc8 Ra1+ 44. Kh2 g5 45. Rxe4 Rbb1 0-1

[Event "FIDE Women's Grand Swiss"]
[Site "Samarkand UZB"]
[Date "2025.09.12"]
[Round "8.14"]
[White "Ushenina, Anna"]
[Black "Efroimski, Marsel"]
[Result "1-0"]
[WhiteTitle "GM"]
[BlackTitle "IM"]
[WhiteElo "2409"]
[BlackElo "2377"]
[WhiteFideId "14110911"]
[BlackFideId "2810964"]
[EventDate "2025.09.04"]

1. d4 d5 2. c4 e6 3. Nc3 Nf6 4. Bg5 Be7 5. e3 h6 6. Bxf6 Bxf6 7. Nf3 c6 8. Rc1
Nd7 9. Bd3 O-O 10. O-O dxc4 11. Bxc4 e5 12. Ne4 exd4 13. Nxf6+ Nxf6 14. Qxd4
Qxd4 15. Nxd4 Bd7 16. Be2 Rad8 17. Rfd1 Bc8 18. f3 Rd6 19. Kf2 Rfd8 20. a3 Ne8
21. g4 Nc7 22. b4 Kf8 23. a4 Ne6 24. Nb3 Rxd1 25. Bxd1 g6 26. Be2 Ke7 27. Rc2
Rd6 28. Na5 Rd8 29. f4 f5 30. h3 Kf6 31. Bf3 g5 32. gxf5 Kxf5 33. fxg5 hxg5 34.
b5 cxb5 35. axb5 b6 36. Nc6 Rd7 37. Bg4+ Kf6 38. Bxe6 Kxe6 39. Nd4+ Rxd4 40.
exd4 Bd7 41. Rc7 Bxb5 42. Rxa7 Kd5 43. Rb7 Kxd4 44. Rxb6 Be8 45. Re6 Bf7 46. Re7
Bg6 47. Kg3 Bf5 48. Rg7 Ke5 49. Rxg5 Kf6 50. h4 Bb1 51. Kf4 Bg6 52. h5 Bh7 53.
h6 Bg6 54. Rg3 Kf7 55. Ke5 Bc2 56. Rg7+ Kf8 57. Kf6 1-0

[Event "FIDE Women's Grand Swiss"]
[Site "Samarkand UZB"]
[Date "2025.09.12"]
[Round "8.15"]
[White "Gaal, Zsoka"]
[Black "Karimova, Guldona"]
[Result "1/2-1/2"]
[WhiteTitle "WGM"]
[BlackTitle "WIM"]
[WhiteElo "2388"]
[BlackElo "2324"]
[WhiteFideId "777765"]
[BlackFideId "14210410"]
[EventDate "2025.09.04"]

1. d4 Nf6 2. c4 e6 3. Nc3 Bb4 4. e3 O-O 5. a3 Bxc3+ 6. bxc3 c5 7. Bd3 Nc6 8. Ne2
d6 9. O-O e5 10. Ng3 Re8 11. d5 Na5 12. e4 Bg4 13. f3 Bd7 14. f4 Ng4 15. h3 exf4
16. hxg4 fxg3 17. g5 b5 18. Qf3 Qe7 19. Bf4 Nxc4 20. Bxc4 bxc4 21. Rae1 Bf5 22.
Bxg3 Bg6 23. e5 dxe5 24. Rxe5 Qd7 25. d6 Rxe5 26. Bxe5 Re8 27. Qd5 Bd3 28. Rf2
Rb8 29. Rb2 Rf8 30. Qxc5 Qg4 31. Qe3 f6 32. gxf6 Qd1+ 33. Kf2 gxf6 34. Bd4 Qf1+
35. Kg3 Qf5 36. Qf4 Rd8 37. Qxf5 Bxf5 38. Kf4 Be6 39. Bc5 Kf7 40. a4 Bd7 41. Rb7
Ke6 42. Rxa7 h5 43. a5 h4 44. Rb7 Ra8 45. Bb4 Rg8 46. a6 Rxg2 47. a7 Ra2 48. Kg4
f5+ 49. Kxh4 f4 50. Bc5 Kf5 51. Kh3 Be6 52. Re7 Kf6+ 53. Rxe6+ Kxe6 54. Kg4 Rg2+
55. Kxf4 Rg8 56. Ke4 Rg4+ 57. Ke3 Rg8 58. Kd4 Rg4+ 59. Ke3 Rg8 60. Kd4 1/2-1/2

[Event "FIDE Women's Grand Swiss"]
[Site "Samarkand UZB"]
[Date "2025.09.12"]
[Round "8.16"]
[White "Narva, Mai"]
[Black "Zhai, Mo"]
[Result "1-0"]
[WhiteTitle "IM"]
[BlackTitle "WGM"]
[WhiteElo "2386"]
[BlackElo "2380"]
[WhiteFideId "4500512"]
[BlackFideId "8600201"]
[EventDate "2025.09.04"]

1. d4 Nf6 2. c4 e6 3. Nc3 Bb4 4. a3 Bxc3+ 5. bxc3 Ne4 6. Qc2 f5 7. e3 b6 8. Bd3
Bb7 9. Ne2 Qh4 10. O-O O-O 11. f3 Nf6 12. g3 Qh5 13. Nf4 Qh6 14. e4 g5 15. Ng2
Qh5 16. exf5 Bxf3 17. fxe6 dxe6 18. Bxg5 Nbd7 19. Bh4 e5 20. Rae1 Rae8 21. dxe5
Ng4 22. e6 Qc5+ 23. Kh1 Nde5 24. Bxh7+ Kh8 25. e7 Bxg2+ 26. Qxg2 Rf2 27. Rxe5
Rxf1+ 28. Qxf1 Qxe5 29. Bg6 Rg8 30. Bd3 Qxc3 31. h3 Qxd3 32. Bf6+ Nxf6 33. Qxd3 1-0

[Event "FIDE Women's Grand Swiss"]
[Site "Samarkand UZB"]
[Date "2025.09.12"]
[Round "8.17"]
[White "Badelka, Olga"]
[Black "Osmak, Yuliia"]
[Result "0-1"]
[WhiteTitle "IM"]
[BlackTitle "IM"]
[WhiteElo "2375"]
[BlackElo "2478"]
[WhiteFideId "13509926"]
[BlackFideId "14101602"]
[EventDate "2025.09.04"]

1. c4 e6 2. Nf3 d5 3. d4 Nf6 4. Nc3 Be7 5. Bf4 O-O 6. e3 Nbd7 7. a3 c5 8. cxd5
Nxd5 9. Nxd5 exd5 10. Bd3 c4 11. Bc2 b5 12. h4 a5 13. g4 Ra6 14. g5 Re8 15. h5
Bd6 16. Kf1 Bxf4 17. exf4 h6 18. Qd2 b4 19. axb4 axb4 20. Rxa6 Bxa6 21. Qxb4 Nf8
22. Qc3 Ne6 23. gxh6 gxh6 24. Rg1+ Kh8 25. Ne5 Qf6 26. Qa5 Qxf4 27. Qxa6 Qc1+
28. Kg2 Qg5+ 29. Kf1 Qc1+ 30. Kg2 Qxc2 31. Nxf7+ Kh7 32. Ne5 Rg8+ 33. Ng6 Qf5
34. Kf1 Qd3+ 35. Ke1 Qb1+ 36. Ke2 Nxd4+ 37. Ke3 Qe4+ 38. Kd2 Qd3+ 0-1

[Event "FIDE Women's Grand Swiss"]
[Site "Samarkand UZB"]
[Date "2025.09.12"]
[Round "8.18"]
[White "Khalilova, Madinabonu"]
[Black "Javakhishvili, Lela"]
[Result "1/2-1/2"]
[WhiteTitle "WCM"]
[BlackTitle "IM"]
[WhiteElo "2148"]
[BlackElo "2434"]
[WhiteFideId "14223422"]
[BlackFideId "13601458"]
[EventDate "2025.09.04"]

1. d4 d5 2. c4 e6 3. Nf3 a6 4. g3 dxc4 5. Bg2 b5 6. O-O Bb7 7. a4 Nc6 8. axb5
axb5 9. Rxa8 Qxa8 10. d5 Nd8 11. Nd4 exd5 12. Nxb5 Qa5 13. N5c3 Nf6 14. b3 Bb4
15. Bb2 cxb3 16. Qxb3 O-O 17. Rd1 c6 18. e4 Bc5 19. exd5 cxd5 20. h3 Qa7 21. Rd2
Ne4 22. Nxe4 dxe4 23. Ba3 Bxa3 24. Nxa3 Ne6 25. Nc2 Qa5 26. Rd1 Qc7 27. Ne3 Re8
28. h4 Nf8 29. Nf5 Bc8 30. Nd6 Rd8 31. Nxe4 Be6 32. Qf3 Rxd1+ 33. Qxd1 h6 34.
Qd4 Qd7 35. Qe5 Ng6 36. Qb8+ Qc8 1/2-1/2

[Event "FIDE Women's Grand Swiss"]
[Site "Samarkand UZB"]
[Date "2025.09.12"]
[Round "8.19"]
[White "Shukhman, Anna"]
[Black "Tokhirjonova, Gulrukhbegim"]
[Result "1/2-1/2"]
[WhiteTitle "WGM"]
[BlackTitle "IM"]
[WhiteElo "2420"]
[BlackElo "2372"]
[WhiteFideId "54180058"]
[BlackFideId "14203626"]
[EventDate "2025.09.04"]

1. e4 e5 2. Nf3 Nc6 3. Bb5 a6 4. Ba4 d6 5. O-O Bd7 6. d4 Nxd4 7. Bxd7+ Qxd7 8.
Nxd4 exd4 9. Qxd4 Nf6 10. c4 Be7 11. Nc3 O-O 12. b3 Rfe8 13. Bb2 c6 14. Rad1 Bf8
15. Rfe1 Rad8 16. h3 h6 17. Re3 Qe7 18. Rde1 b5 19. Qb6 Qd7 20. Rd1 Qc8 21. Qd4
Rd7 22. Qd3 Rde7 23. Rde1 Re6 24. Kh1 g6 25. f4 Bg7 26. Nd1 Qd8 27. f5 gxf5 28.
exf5 Rxe3 29. Rxe3 Rxe3 30. Nxe3 Qe7 31. Kh2 Qe4 32. Qxd6 Ne8 33. Qg3 Kh7 34.
Bxg7 Nxg7 35. Qf2 Qe5+ 36. g3 Qd4 37. g4 Ne8 38. Qf3 Nf6 39. cxb5 axb5 40. Ng2
c5 41. Qf4 Qd5 42. h4 c4 43. bxc4 bxc4 44. g5 Nh5 45. Qc7 hxg5 46. hxg5 Qxf5 47.
Qxc4 Qe5+ 48. Kg1 Kg7 49. Qg4 Ng3 50. a4 Ne4 51. Qf4 Qa1+ 52. Kh2 Qxa4 53. Ne3
Qa2+ 54. Kh3 Qe6+ 55. Kh4 f6 56. gxf6+ 1/2-1/2

[Event "FIDE Women's Grand Swiss"]
[Site "Samarkand UZB"]
[Date "2025.09.12"]
[Round "8.20"]
[White "Kiolbasa, Oliwia"]
[Black "Mkrtchian, Lilit"]
[Result "0-1"]
[WhiteTitle "IM"]
[BlackTitle "IM"]
[WhiteElo "2405"]
[BlackElo "2393"]
[WhiteFideId "1154613"]
[BlackFideId "13300601"]
[EventDate "2025.09.04"]

1. e4 e6 2. d4 d5 3. e5 c5 4. c3 Nc6 5. Nf3 Qb6 6. a3 Bd7 7. b4 cxd4 8. cxd4 Rc8
9. Be3 Nh6 10. Bd3 Ng4 11. Nbd2 Nxe3 12. fxe3 Be7 13. b5 Na5 14. Qe2 Bxa3 15.
O-O Be7 16. Ra2 Qd8 17. e4 O-O 18. g3 b6 19. h4 Rc3 20. Kh2 Qe8 21. Rb2 f6 22.
exf6 Bxf6 23. e5 Be7 24. Rbb1 Qh5 25. Kg2 Rfc8 26. Rbd1 Be8 27. Nb1 R3c7 28. Qf2
Bg6 29. Be2 Bf5 30. Ng5 Qg6 31. Nh3 Rc2 32. Nf4 Qe8 33. Nd2 Nc4 34. Nxc4 R8xc4
35. Kg1 R4c3 36. Qh2 Qd7 37. Rf2 Rc1 38. g4 Be4 39. Rdf1 Qc8 40. Bd1 h6 41. Ne2
Ra1 42. Nxc3 Qxc3 43. g5 Qxd4 44. Qf4 Rxd1 45. Qf7+ Kh7 46. g6+ Bxg6 47. Qxe7
Rxf1+ 48. Kxf1 Qd1+ 49. Kg2 Be4+ 0-1

[Event "FIDE Women's Grand Swiss"]
[Site "Samarkand UZB"]
[Date "2025.09.12"]
[Round "8.21"]
[White "Maltsevskaya, Aleksandra"]
[Black "Balabayeva, Xeniya"]
[Result "1-0"]
[WhiteTitle "IM"]
[BlackTitle "WGM"]
[WhiteElo "2379"]
[BlackElo "2383"]
[WhiteFideId "24174041"]
[BlackFideId "13719688"]
[EventDate "2025.09.04"]

1. d4 d5 2. c4 e6 3. Nc3 Nf6 4. cxd5 exd5 5. Bg5 c6 6. e3 h6 7. Bh4 Be7 8. Qc2
O-O 9. Bd3 Re8 10. Nge2 a5 11. O-O Na6 12. a3 Nc7 13. f3 Ne6 14. Rad1 b6 15. Kh1
Bb7 16. Bf5 Nf8 17. e4 g6 18. Bh3 dxe4 19. Bxf6 Bxf6 20. fxe4 Bg7 21. e5 Ne6 22.
Ne4 Ng5 23. Nxg5 hxg5 24. Nc3 c5 25. dxc5 Qe7 26. Rd7 Qxe5 27. Rxb7 f5 28. g3
bxc5 29. Rb6 g4 30. Bg2 1-0

[Event "FIDE Women's Grand Swiss"]
[Site "Samarkand UZB"]
[Date "2025.09.12"]
[Round "8.22"]
[White "Arabidze, Meri"]
[Black "Kaliakhmet, Elnaz"]
[Result "0-1"]
[WhiteTitle "IM"]
[BlackTitle "WIM"]
[WhiteElo "2444"]
[BlackElo "2299"]
[WhiteFideId "13604040"]
[BlackFideId "13730169"]
[EventDate "2025.09.04"]

1. d4 d5 2. c4 e6 3. Nc3 a6 4. cxd5 exd5 5. Nf3 Nf6 6. Bg5 Be6 7. e3 Nbd7 8. h3
Bd6 9. Bd3 c6 10. Bf4 Qc7 11. Ne2 O-O 12. Qc2 Rfe8 13. O-O h6 14. a3 Nh5 15.
Bxd6 Qxd6 16. Rac1 Nhf6 17. Nd2 Nb6 18. Nb3 Nbd7 19. Na5 Qc7 20. b4 Rec8 21. Nf4
Nf8 22. f3 Re8 23. Qd2 Rad8 24. a4 Qb6 25. Rb1 Bd7 26. Rfc1 Ra8 27. Rb2 Ne6 28.
Ne2 g6 29. Nb3 Ng7 30. Nc5 Bf5 31. Nf4 Bxd3 32. Qxd3 Rad8 33. g4 Re7 34. Qd2
Nge8 35. Nfd3 Nd6 36. Ne5 Kg7 37. h4 Nh7 38. Qd3 Rg8 39. Rcc2 Qd8 40. Rh2 Qe8
41. h5 g5 42. e4 dxe4 43. Nxe4 Nxe4 44. fxe4 Qd8 45. Nc4 Rge8 46. e5 Rxe5 47.
Nxe5 Rxe5 48. Rbe2 Rd5 49. Rd2 Nf6 50. Rhg2 Qe7 51. Rge2 Qd7 52. Qf3 Rxd4 53.
Rxd4 Qxd4+ 54. Rf2 Qe5 55. a5 Qe6 56. Re2 Qc4 57. Re7 Qxb4 58. Rc7 Qxa5 59. Rxb7
Qe1+ 60. Kg2 Qd2+ 61. Kh3 Qe1 62. Kg2 a5 63. Qd3 Kg8 64. Rb8+ Kg7 65. Rb7 Kg8
66. Rb8+ Ne8 67. Ra8 Qe6 68. Kh3 Kg7 69. Rxa5 Qe1 70. Ra4 Qh1+ 71. Kg3 Nf6 72.
Qc3 Qg1+ 73. Kh3 Qf1+ 74. Kg3 c5 75. Qe5 Qd3+ 76. Kg2 Qc2+ 0-1

[Event "FIDE Women's Grand Swiss"]
[Site "Samarkand UZB"]
[Date "2025.09.12"]
[Round "8.23"]
[White "Beydullayeva, Govhar"]
[Black "Manko, Mariia"]
[Result "1-0"]
[WhiteTitle "WGM"]
[BlackTitle "WIM"]
[WhiteElo "2368"]
[BlackElo "2313"]
[WhiteFideId "13413015"]
[BlackFideId "14199220"]
[EventDate "2025.09.04"]

1. e4 c5 2. Nf3 Nc6 3. Bb5 g6 4. Bxc6 bxc6 5. O-O Bg7 6. Re1 Qc7 7. d3 e5 8. c3
Nf6 9. d4 cxd4 10. cxd4 exd4 11. Qxd4 O-O 12. Nc3 Qb6 13. Qxb6 axb6 14. e5 Nd5
15. Nxd5 cxd5 16. Be3 b5 17. Bc5 Re8 18. Bd6 f6 19. Nd4 Ba6 20. f4 b4 21. Rad1
Rac8 22. h4 Bf8 23. Bxf8 Kxf8 24. exf6 Rxe1+ 25. Rxe1 Rc4 26. Rd1 Kf7 27. Nf3
Rxf4 28. Rxd5 Ke6 29. Rd4 Rxd4 30. Nxd4+ Kxf6 31. Nc2 b3 32. axb3 Ke5 33. Kf2
Ke4 34. Na3 Bd3 35. b4 Kd4 36. g3 h5 37. Kf3 Be4+ 38. Kf4 Bd3 39. Kf3 Be4+ 40.
Ke2 Bd3+ 41. Kd2 Ba6 42. b5 Bb7 43. b4 Be4 44. b6 Bb7 45. Ke2 Ba6+ 46. Ke1 Kd5
47. Kd2 Bb7 48. Kc3 Kc6 49. Nc4 Bc8 50. Kd4 Ba6 51. Ne5+ Kxb6 52. Nxd7+ Kb5 53.
Ne5 Kxb4 54. Nxg6 Be2 55. Nf4 Bg4 56. Ke5 Kc3 57. Kf6 Kd2 58. Kg5 Ke3 59. Nxh5
Kf3 60. Nf6 1-0

[Event "FIDE Women's Grand Swiss"]
[Site "Samarkand UZB"]
[Date "2025.09.12"]
[Round "8.24"]
[White "Kulon, Klaudia"]
[Black "Omonova, Umida"]
[Result "0-1"]
[WhiteTitle "IM"]
[BlackTitle "WIM"]
[WhiteElo "2361"]
[BlackElo "2252"]
[WhiteFideId "1131044"]
[BlackFideId "14210363"]
[EventDate "2025.09.04"]

1. e4 e5 2. Nf3 Nc6 3. Bc4 Nf6 4. d3 Bc5 5. c3 a6 6. O-O Ba7 7. h3 d6 8. Bb3 h6
9. d4 O-O 10. Re1 Re8 11. Bc2 Qe7 12. d5 Nb8 13. Nbd2 Nbd7 14. Nf1 Nh5 15. g3
Nf8 16. g4 Nf4 17. Bxf4 exf4 18. e5 Bd7 19. Qd2 dxe5 20. Rxe5 Qf6 21. Rae1 Rad8
22. c4 c6 23. Qb4 Rxe5 24. Rxe5 cxd5 25. cxd5 Bb5 26. a4 Qb6 27. Qd2 Bc4 28. a5
Qd6 29. Qxf4 Bxd5 30. N1d2 Qc5 31. Qe3 Qxc2 32. Qxa7 Bc6 33. Qc5 Rxd2 34. Nxd2
Qd1+ 35. Kh2 Qh1+ 36. Kg3 Qg1+ 37. Kf4 Ng6+ 38. Kf5 Qh2 39. Re4 Nh4# 0-1

[Event "FIDE Women's Grand Swiss"]
[Site "Samarkand UZB"]
[Date "2025.09.12"]
[Round "8.25"]
[White "Roebers, Eline"]
[Black "Gomez Barrera, Javiera Belen"]
[Result "1-0"]
[WhiteTitle "IM"]
[BlackTitle "WIM"]
[WhiteElo "2377"]
[BlackElo "2169"]
[WhiteFideId "1058401"]
[BlackFideId "3418723"]
[EventDate "2025.09.04"]

1. e4 e5 2. Nf3 Nc6 3. Bb5 a6 4. Ba4 Nf6 5. d3 b5 6. Bb3 Bc5 7. Nc3 h6 8. Nd5 d6
9. c3 Rb8 10. h3 Ba7 11. a4 b4 12. a5 O-O 13. Nxf6+ Qxf6 14. Bc4 Ne7 15. g4 g5
16. Be3 Bxe3 17. fxe3 bxc3 18. bxc3 Be6 19. Bxa6 Bb3 20. Qe2 d5 21. d4 exd4 22.
e5 Qc6 23. cxd4 Ra8 24. Bd3 Rxa5 25. Rxa5 Qc1+ 26. Kf2 Qxh1 27. Qf1 Qxf1+ 28.
Bxf1 f5 29. Be2 fxg4 30. hxg4 Ng6 31. Kg3 c6 32. Nd2 Bc2 33. Rc5 Ba4 34. Bd3 Nh4
35. Ra5 Bd1 36. Ra1 Bf3 37. Rf1 Bg2 38. Rxf8+ Kxf8 39. Ba6 Ke7 40. Nb3 Be4 41.
Bb7 Kd7 42. Na5 Kc7 43. Ba8 Ng6 44. Nxc6 Bh1 45. Nb4 Ne7 46. Na6+ Kb6 47. Nc5
Kc7 48. e4 dxe4 49. d5 Nc8 50. d6+ Nxd6 51. exd6+ Kxd6 52. Bxe4 Kxc5 53. Bxh1
Kd6 54. Be4 h5 55. gxh5 Ke7 56. h6 Kf7 57. Bh7 Ke7 58. Kg4 Kf6 59. Kh5 g4 60.
Kxg4 1-0

[Event "FIDE Women's Grand Swiss"]
[Site "Samarkand UZB"]
[Date "2025.09.12"]
[Round "8.26"]
[White "Wafa, Shrook"]
[Black "Nassr, Lina"]
[Result "1-0"]
[WhiteTitle "WGM"]
[BlackTitle "WIM"]
[WhiteElo "2202"]
[BlackElo "2060"]
[WhiteFideId "10609970"]
[BlackFideId "7908075"]
[EventDate "2025.09.04"]

1. e4 c5 2. Nf3 e6 3. d4 cxd4 4. Nxd4 Nf6 5. Nc3 Nc6 6. Ndb5 Bb4 7. a3 Bxc3+ 8.
Nxc3 d5 9. exd5 exd5 10. Bd3 O-O 11. O-O d4 12. Ne4 Bf5 13. Bg5 Bxe4 14. Bxe4 h6
15. Bh4 Re8 16. Bd3 Ne5 17. Bb5 Re6 18. Re1 Qd5 19. Ba4 Nc4 20. Rxe6 fxe6 21.
Bb3 b5 22. h3 Ne4 23. Qg4 Rf8 24. Re1 Nc5 25. Be7 Re8 26. Bxc5 Qxc5 27. Rxe6
Rxe6 28. Qxe6+ Kh7 29. a4 Qb6 30. Bxc4 bxc4 31. Qxb6 axb6 32. Kf1 Kg6 33. Ke2
Kf5 34. b3 d3+ 35. Kd2 cxb3 36. cxb3 Ke4 37. b4 Kd5 1-0